Представление документа в формате MARC21

Поле Инд. ПП Название Значение
Тип записи a
Библиографический уровень m
001 Контрольный номер 956d1ac0-9e7c-47ff-a34c-75745a2ac50b
005 Дата корректировки 20211004160827.2
008 Кодируемые данные 041118
020 a ISBN 5-88313-440-8
040 a Служба первич. каталог. НБ ТвГУ
041 0_ a Код языка текста rus
a Код языка текста ger
080 a Индекс УДК 882.09
a Индекс УДК 929Фет
084 a Индекс другой классификации/Индекс ББК Ш5(2=411.2)52-4Фет А.А.я431
090 a Полочн. индекс Ш5(2=411.2)
x Авторский знак Ф45
245 10 a Заглавие Афанасий Фет и русская литература
b Продолж. заглавия материалы Междунар. науч. конф., посвящ. изуч. жизни и творчества А. А. Фета (Курск, 29 сент. - 1 окт. 2003 г.)
c Ответственность XVIII Фетов. чтения ; [редкол.: Ю. Л. Филиппов, В. Н. Криволапов, И. С. Жемчужный] ; под ред. М. В. Строганова, Н. З. Кокониной
245 _0 a Заглавие XVIII Фетовские чтения
260 0_ a Место издания Курск
b Издательство Курский гос. ун-т
c Дата издания 2004
300 a Объем 295 с.
b Иллюстрации/ тип воспроизводства [1] л. факс.
500 a Примечание В надзаг.: Федерал. агентство по образованию, Кур. гос. ун-т.
500 a Примечание Текст рус., нем.
504 a Библиография Библиогр. в подстроч. примеч. - Указ. имен и произведений А. А. Фета: с. 215-293.
650 04 a Основная рубрика Фет, Афанасий Афанасьевич, о нем
650 04 a Основная рубрика Русская литература
x Основная подрубрика История
y Хронологическая подрубрика 19 в.
653 0_ a Ключевые слова Персоналии
a Ключевые слова Писатели
a Ключевые слова Поэты
a Ключевые слова Русская литература
a Ключевые слова Русская поэзия
a Ключевые слова Русская проза
a Ключевые слова Русские писатели
a Ключевые слова Русские поэты
a Ключевые слова Фет
700 1_ a Другие авторы Филиппов Ю. Л.
e Роль лиц ред.
700 1_ a Другие авторы Криволапов В. Н.
e Роль лиц ред.
700 1_ a Другие авторы Жемчужный И. С.
e Роль лиц ред.
852 41 i Расстановочный признак Проверка 2021
920 a Оператор Хохл
930 a Новая/Ретро персоналии
952 c Вид литературы К рн
954 a Дата поступления на обработку 20041124
e Дата перешифровки 20211004